Тезисы докладов по романо-германской филологии. [Вып. 1] (Запись № 7797491)

Подробности
000 -МАРКЕР
контрольное поле 01532nam2a22002411 4500
001 - ИДЕНТИФИКАТОР ЗАПИСИ
контрольное поле rc\3715531
005 - ИДЕНТИФИКАТОР ВЕРСИИ
контрольное поле 20250610103107.0
021 ## - НОМЕР ГОСУДАРСТВЕННОЙ РЕГИСТРАЦИИ
Код страны Российская Федерация
Номер [71-8248]
035 ## - ДРУГИЕ СИСТЕМНЫЕ НОМЕРА
Идентификатор записи (NLR Aleph) 007859687
100 ## - ДАННЫЕ ОБЩЕЙ ОБРАБОТКИ
Данные общей обработки 20130115d1970 |||y0rusy50 ca
101 0# - ЯЗЫК РЕСУРСА
Язык текста, звукозаписи и т.д. русский
102 ## - СТРАНА ПУБЛИКАЦИИ ИЛИ ПРОИЗВОДСТВА
Страна публикации Российская Федерация
105 ## - ПОЛЕ КОДИРОВАННЫХ ДАННЫХ: ТЕКСТОВЫЕ МАТЕРИАЛЫ, МОНОГРАФИЧЕСКИЕ
Кодированные данные о монографическом текстовом документе a z |||||
200 0# - ЗАГЛАВИЕ И СВЕДЕНИЯ ОБ ОТВЕТСТВЕННОСТИ
Основное заглавие [Вып. 1]
210 ## - ПУБЛИКАЦИЯ, РАСПРОСТРАНЕНИЕ И ДР.
Дата издания, распространения и т.д. 1970
Место издания, распространения и т.д. Б. м.
215 ## - ФИЗИЧЕСКАЯ ХАРАКТЕРИСТИКА
Специфическое обозначение материала и объем 101 с.
Другие сведения о физической характеристике черт.
461 #0 - УРОВЕНЬ НАБОРА
Встроенное поле 001rc\3715530
-- 2001#$aТезисы докладов по романо-германской филологии$e[Вып. 1]-$fМ-во высш. и сред. спец. образ. УзССР. 28 науч. конференция профессорско-преподавательского состава фак. иностр. яз. СамГУ, февр. 1971 г.$v[Вып. 1]
Системный номер (АБИС) связанной записи 7797489
Автор Самаркандский университет им. Алишера Навои. Научная конференция профессорско-преподавательского состава (28 ; 1971)
Место публикации Самарканд
Дата публикации 1970-
Первые сведения об ответственности М-во высш. и сред. спец. образ. УзССР. 28 науч. конференция профессорско-преподавательского состава фак. иностр. яз. СамГУ, февр. 1971 г.
Имя издателя, распространителя и т.д. Б. и.
Сведения, относящиеся к заглавию [Вып. 1]-
Заглавие Тезисы докладов по романо-германской филологии
Номер тома [Вып. 1]
801 #0 - ИСТОЧНИК ЗАПИСИ
Страна Российская Федерация
Организация NLR
Правила каталогизации psbo
801 #1 - ИСТОЧНИК ЗАПИСИ
Страна Российская Федерация
Организация ELAR
Источник данных rusmarc
852 ## - МЕСТОНАХОЖДЕНИЕ И ШИФР ХРАНЕНИЯ
Идентификатор организации NLR
Шифр хранения (Call Number) 71-3/617
942 ## - ДОПОЛНИТЕЛЬНЫЕ ЭЛЕМЕНТЫ ЗАПИСИ (АБИС)
Тип экземпляра АБИС Книга
980 ## - КОЛЛЕКЦИЯ
Название коллекции Национальная библиография
Экземпляры
Тип экземпляра Дата поступления Библиотека постоянного хранения Библиотека текущего хранения Место хранения Шифр хранения Штрих-код Статус экземпляра
Книга 26.10.2013 РНБ (Московский) РНБ (Московский) Русский книжный фонд: издания с 1957 года 71-3/617 7859687-10